000 00301nam a22001337a 4500
008 181024b xxu||||| |||| 00| 0 eng d
020 _a9780312538774
041 _aeng
080 _24 ed
_a370
100 _a37
101 _aedu
245 _aThe Everryday Writers
_cAndrea.A.AL
942 _2udc
_cBK
999 _c50874
_d50874